| 000 | 00730nam a2200205Ia 4500 | ||
|---|---|---|---|
| 003 | GCL | ||
| 008 | 140319s9999 xx 000 0 ara d | ||
| 040 |
_aGCL / _cGCL |
||
| 082 | 0 | 4 |
_a070.435 _bس ت |
| 100 | 1 | _aسهيل ذكى سليمان | |
| 245 | 1 | 0 |
_aتطور الثقافة العلمية فى لبنان ومصر فى عصر النهضة( 1950-1905) / _cسهيل ذكى سليمان |
| 260 |
_a[S.N] : _bالمؤسسة الجامعية للدراسات والنشر والتوزيع ، _c1987 |
||
| 300 | _a414 ص | ||
| 490 | _a | ||
| 650 | 0 | 4 | _aالصحافة المصرية |
| 650 | 0 | 4 | _aالصحافة |
| 650 | 0 | 4 | _aالصحافة العربية |
| 650 | 0 | 4 | _aالصحافة اللبنانية |
| 942 |
_2ddc _cBK |
||
| 999 |
_c53565 _d53565 |
||